| 000 | 00562nam a2200205Ia 4500 | ||
|---|---|---|---|
| 008 | 220216s9999 xx 000 0 und d | ||
| 100 | _aMirza S | ||
| 245 | 0 | _aModelling and durability assessment for rubber components in rail vehicles | |
| 260 |
_bPlastics, Rubber and Composites _c2011 |
||
| 300 | _a185-193 | ||
| 500 | _aSource Year: 2011 | ||
| 650 | _aCrack growth | ||
| 650 | _aDurability | ||
| 650 | _aElastomers | ||
| 650 | _aFinite element analysis | ||
| 650 | _aFracture mechanics | ||
| 700 | _aHansen P | ||
| 700 | _aHarris J | ||
| 942 | _cJS | ||
| 999 |
_c63050 _d63050 |
||